00722 2200217 4500001002100000005001700021008004100038035002400079082001100103090002200114100000900136245017100145260002800316300003300344500004400377500003200421650002100453850000900474985000600483999001500489YOGYA-0209000007251520090227093629.0 ind  0010-020900000072515 a346.02 a346.02bJon PlSK aJONO aPelaksanaan perjanjian kredit Bank dalam rangka proyek pengembangan hubungan bank dengan kelompok swadaya masyarakat di Propinsi Daerah Istimewa Yogyakartacoleh Jono aYogyakartab[s.n]c1995 aix,120[59]lembarbilusc30cm aSkripsi Fakultas Hukum U.G.M Yogyakarta aBibliografi:lembar[121-122] aHukum perjanjian aBPAD a1 a08A0036457